[Event "PNWCC Masters 2020"]
[Site "chess.com INT"]
[Date "2020.05.25"]
[Round "7.28"]
[White "Hu, Merric"]
[Black "Kumar, Naman"]
[Result "0-1"]
[WhiteElo "2080"]
[BlackElo "2115"]
[WhiteFideId "30906660"]
[BlackFideId "30908922"]
[EventDate "2020.05.23"]

1. e4 e5 2. Nf3 Nc6 3. Bc4 Bc5 4. O-O Nf6 5. d3 O-O 6. c3 d6 7. a4 a5 8. Na3 Ne7
9. Bg5 Ng6 10. Nh4 Nf4 11. d4 Bxa3 12. Rxa3 Be6 13. d5 Bd7 14. Qf3 h6 15. Bxf4
exf4 16. Nf5 Re8 17. Bd3 Re5 18. c4 Nxe4 19. Nxh6+ gxh6 20. Bxe4 Qg5 21. h3 Bxh3
22. Qxh3 Rxe4 23. Rc3 Rae8 24. Qf3 Re2 25. b3 Re1 26. c5 R8e5 27. cxd6 cxd6 28.
g3 fxg3 29. Qxg3 Rxf1+ 30. Kxf1 Qxg3 31. Rxg3+ Rg5 32. Rc3 Kg7 33. Rc7 h5 34.
Rxb7 h4 35. f4 Rg4 36. Rc7 h3 37. Rc1 h2 38. Kf2 Kf6 39. Rh1 Rxf4+ 40. Kg3 Rb4 0-1

[Event "PNWCC Masters 2020"]
[Site "chess.com INT"]
[Date "2020.05.25"]
[Round "7.29"]
[White "Guha, Eshan"]
[Black "Nguyen, Duc Hoa"]
[Result "0-1"]
[BlackTitle "GM"]
[WhiteElo "1866"]
[BlackElo "2406"]
[WhiteFideId "30958628"]
[BlackFideId "12401358"]
[EventDate "2020.05.23"]

1. d4 Nf6 2. c4 g6 3. g3 d5 4. cxd5 Nxd5 5. e4 Nb6 6. Bg2 Bg7 7. Ne2 Nc6 8. d5
Na5 9. O-O c6 10. Nbc3 O-O 11. b3 Bg4 12. f3 Bd7 13. Be3 cxd5 14. exd5 Nc8 15.
Bd4 Bxd4+ 16. Qxd4 Qb6 17. Rac1 Rd8 18. Rfd1 Nd6 19. Ne4 Rdc8 20. Nxd6 exd6 21.
b4 Nc4 22. Rd3 Qxb4 23. Rb3 Qa4 24. Nc3 Qa5 25. Ne4 Ne5 26. Rcb1 Rc4 27. Qb2 Bf5
28. Rb5 Qd8 29. Rxb7 Bxe4 30. fxe4 Qg5 31. Rb8+ Rxb8 32. Qxb8+ Kg7 33. Qxa7 Rc5
34. Rf1 h5 35. Qb6 Qe3+ 36. Kh1 Nd3 37. Bf3 h4 38. Qxd6 Nf2+ 39. Rxf2 Qxf2 40.
Qe5+ Kh7 0-1

[Event "PNWCC Masters 2020"]
[Site "chess.com INT"]
[Date "2020.05.25"]
[Round "7.31"]
[White "Hoesley, Aria"]
[Black "Park, Evan"]
[Result "0-1"]
[WhiteElo "1885"]
[BlackElo "2146"]
[WhiteFideId "30918669"]
[BlackFideId "30931142"]
[EventDate "2020.05.23"]

1. e4 e5 2. Nc3 Nc6 3. g3 Nf6 4. Bg2 Bc5 5. d3 O-O 6. Nge2 a6 7. O-O d6 8. h3
Nd4 9. Kh2 c6 10. Nxd4 Bxd4 11. Ne2 Ba7 12. f4 exf4 13. Bxf4 d5 14. Bg5 Ng4+ 15.
hxg4 Qxg5 16. Bf3 dxe4 17. dxe4 Rd8 18. Qc1 Be3 19. Qe1 Bxg4 20. Bxg4 Qxg4 21.
Rd1 Re8 22. Nc3 Bb6 23. Rf4 Qg6 24. Rd7 Rab8 25. Rfxf7 Qxf7 26. Rxf7 Kxf7 27.
Na4 Ba7 28. c4 Re7 29. Kg2 Rbe8 30. Kf3 b5 31. cxb5 cxb5 32. Nc3 Bd4 33. Nd5
Rxe4 34. Qxe4 Rxe4 35. Kxe4 Bxb2 36. Nc7 Ba3 37. g4 Bd6 38. Nd5 Ke6 39. Ne3 g6
40. Nc2 Bc5 41. Ne1 a5 42. Nd3 Bd6 43. Nc1 a4 44. Nd3 b4 45. Kd4 Kf6 46. Kd5 Bf8
47. Kc4 Kg5 48. Nf2 Kf4 0-1

[Event "PNWCC Masters 2020"]
[Site "chess.com INT"]
[Date "2020.05.25"]
[Round "7.32"]
[White "Wang, Alex Yuxuan"]
[Black "Wilson, Ronen"]
[Result "1/2-1/2"]
[WhiteElo "1983"]
[BlackElo "1909"]
[WhiteFideId "30943876"]
[BlackFideId "30926173"]
[EventDate "2020.05.23"]

1. d4 Nf6 2. Nf3 d5 3. c4 c6 4. e3 e6 5. Nc3 Nbd7 6. Qc2 Bd6 7. Bd3 dxc4 8. Bxc4
b5 9. Be2 a6 10. O-O O-O 11. Rd1 Qc7 12. e4 e5 13. h3 Bb7 14. Be3 exd4 15. Bxd4
Rfe8 16. a3 Rad8 17. Be3 Ne5 18. Nd4 c5 19. Nf5 Ng6 20. Bf3 Ne5 21. Be2 Ng6 22.
Bg5 Be5 23. Bf3 h6 24. Be3 c4 25. Nd5 Bxd5 26. exd5 Ne7 27. Nxe7+ Rxe7 28. Rd2
Bxb2 29. Rad1 Be5 30. Bd4 Bxd4 31. Rxd4 Rd6 32. Qc3 Qd8 33. Qb4 Red7 34. Qd2 Re7
35. a4 Qb6 36. axb5 axb5 37. Qb4 Red7 38. Kh2 Qb8 39. Kh1 Qb6 40. Kh2 Qb8 41.
Kh1 1/2-1/2

[Event "PNWCC Masters 2020"]
[Site "chess.com INT"]
[Date "2020.05.25"]
[Round "7.33"]
[White "Padhye, Rohan"]
[Black "Zheng, Michael"]
[Result "1-0"]
[WhiteElo "1716"]
[BlackElo "2050"]
[WhiteFideId "30946034"]
[BlackFideId "30930308"]
[EventDate "2020.05.23"]

1. e4 c5 2. Nf3 d6 3. d4 cxd4 4. Nxd4 Nf6 5. Nc3 a6 6. h4 b5 7. f3 e5 8. Nb3 Be6
9. Bg5 h6 10. Bxf6 Qxf6 11. Nd5 Qd8 12. Qd2 Nc6 13. O-O-O Rc8 14. f4 g6 15. Kb1
h5 16. g3 Bh6 17. c4 Rb8 18. cxb5 axb5 19. Qc3 Bd7 20. Bh3 Bg7 21. f5 Nd4 22. f6
Bxf6 23. Bxd7+ Kxd7 24. Rhf1 Be7 25. Rxf7 Re8 26. Nxd4 exd4 27. Qxd4 Ke6 28. Qg7 1-0

[Event "PNWCC Masters 2020"]
[Site "chess.com INT"]
[Date "2020.05.25"]
[Round "7.34"]
[White "Li, Jason"]
[Black "Jin, Derek"]
[Result "0-1"]
[WhiteElo "1843"]
[BlackElo "1880"]
[WhiteFideId "30909058"]
[BlackFideId "30920329"]
[EventDate "2020.05.23"]

1. e4 c5 2. Nf3 d6 3. c3 Nf6 4. Be2 g6 5. O-O Bg7 6. Re1 O-O 7. Bf1 Nc6 8. h3 e5
9. d3 h6 10. Be3 Qc7 11. Nbd2 b6 12. Rc1 Bb7 13. d4 Rac8 14. Bd3 Qb8 15. d5 Ne7
16. Nf1 Nh5 17. Qd2 Kh7 18. g4 Nf6 19. Ng3 Rh8 20. c4 Kg8 21. Kg2 Rd8 22. Rh1
Bc8 23. Rcg1 Bd7 24. g5 hxg5 25. Bxg5 Qc8 26. h4 Re8 27. Kf1 Bg4 28. Qe3 Nh5 29.
Nh2 Bh3+ 30. Ke1 f6 31. Nxh5 Rxh5 32. f4 fxg5 33. f5 gxf5 34. Qxh3 fxe4 35. Qxc8
Rxc8 36. Bxe4 Rxh4 37. Bd3 e4 38. Be2 Bf6 39. Ng4 Rxh1 40. Rxh1 Rf8 41. Nxf6+
Rxf6 42. Rg1 Rg6 43. Rg4 e3 44. Re4 Nf5 45. Re8+ Kg7 46. Bd3 Rf6 47. Bxf5 Rxf5
48. Re6 Rf6 49. Rxe3 Kf7 50. Ke2 Kg6 51. Re7 g4 52. Re8 Kg5 53. Ke3 g3 54. Rg8+
Kh4 55. Rh8+ Kg4 56. Rg8+ Kh3 57. Rh8+ Kg2 58. Rg8 Kh2 59. Rh8+ Kg1 60. Rg8 g2
61. Ke2 Rf7 62. Rg6 Rf2+ 63. Ke1 Rf5 64. Rxd6 Re5+ 65. Kd2 Kf2 66. Rf6+ Kg3 67.
Rg6+ Kf3 68. d6 Re6 69. Rxe6 g1=Q 70. Rf6+ Ke4 71. Re6+ Kf5 72. Re3 Qh2+ 73. Kc3
Qxd6 74. Rd3 Qf6+ 75. Kc2 Ke4 76. Rd5 Qf2+ 77. Kc3 b5 78. b3 b4# 0-1

[Event "PNWCC Masters 2020"]
[Site "chess.com INT"]
[Date "2020.05.25"]
[Round "7.35"]
[White "Xie, Brandon"]
[Black "Samant, Neil"]
[Result "1/2-1/2"]
[WhiteElo "1852"]
[BlackElo "1764"]
[WhiteFideId "30941288"]
[BlackFideId "30951860"]
[EventDate "2020.05.23"]

1. e4 e5 2. Nf3 Nc6 3. Bb5 a6 4. Ba4 Nf6 5. O-O Be7 6. Re1 b5 7. Bb3 d6 8. c3
O-O 9. h3 Nb8 10. d4 Nbd7 11. Nbd2 Bb7 12. Bc2 Re8 13. Nf1 Bf8 14. Ng3 g6 15. a4
c5 16. d5 c4 17. Be3 h6 18. Qd2 Kh7 19. Ra3 Qc7 20. Rea1 Nc5 21. Qd1 Bg7 22.
R1a2 Nfd7 23. h4 Rf8 24. h5 Nf6 25. Qa1 Rab8 26. axb5 axb5 27. Ra7 Ng4 28. Nf1
Nf6 29. Ng3 Ng4 1/2-1/2

[Event "PNWCC Masters 2020"]
[Site "chess.com INT"]
[Date "2020.05.25"]
[Round "7.36"]
[White "Singh, Hersh"]
[Black "Chang, Eddie"]
[Result "1-0"]
[WhiteElo "1906"]
[BlackElo "1667"]
[WhiteFideId "30918804"]
[BlackFideId "30960932"]
[EventDate "2020.05.23"]

1. d4 Nf6 2. c4 g6 3. g3 Bg7 4. Bg2 d5 5. cxd5 Nxd5 6. Nf3 Nb6 7. Nc3 Nc6 8. e3
O-O 9. O-O Re8 10. Nh4 e5 11. d5 Na5 12. Rb1 Nac4 13. e4 Nd6 14. b3 a5 15. a4 f5
16. exf5 e4 17. fxg6 hxg6 18. Bb2 g5 19. Ng6 Bf5 20. Qh5 Qf6 21. Nb5 Qxg6 22.
Qxg6 Bxg6 23. Nxc7 e3 24. Bxg7 Kxg7 25. Nxa8 Nxa8 26. Rbc1 e2 27. Rfe1 Nf5 28.
Rc3 g4 29. h3 gxh3 30. Bxh3 Nd4 31. Bg4 Be4 32. d6 Bf5 33. Bxf5 Nxf5 34. d7 Rd8
35. Rd3 Nb6 36. Rxe2 Nh6 37. Re8 Nf7 38. Rxd8 Nxd8 39. Rd6 Na8 40. Rd5 Kf6 41.
Rxa5 Nb6 42. f4 Nxd7 43. Kf2 Ne6 44. Rb5 Ndc5 45. Ke3 Kg6 46. b4 1-0

[Event "PNWCC Masters 2020"]
[Site "chess.com INT"]
[Date "2020.05.25"]
[Round "7.37"]
[White "Jiang, Brandon"]
[Black "Vega, Isaac"]
[Result "1-0"]
[WhiteElo "1954"]
[BlackElo "1735"]
[WhiteFideId "30943582"]
[BlackFideId "30914035"]
[EventDate "2020.05.23"]

1. e4 c5 2. Nf3 e6 3. c4 a6 4. d4 cxd4 5. Nxd4 Qc7 6. Be3 Nf6 7. Nd2 Be7 8. Be2
d6 9. O-O O-O 10. f4 Nbd7 11. Bf3 Re8 12. Qe1 e5 13. Nf5 Bf8 14. Qg3 Nc5 15.
fxe5 dxe5 16. Nh6+ Kh8 17. Bg5 Qb6 18. Nxf7+ Kg8 19. Kh1 Kxf7 20. Bh5+ g6 21.
Bxf6 Qxf6 22. Rxf6+ Kxf6 23. Rf1+ Kg7 24. Be2 Bd6 25. b4 Ne6 26. c5 Bc7 27. Bc4
Nf4 28. Qc3 Be6 29. g3 Bxc4 30. Nxc4 Ne2 31. Qf3 Rf8 32. Qxe2 Rxf1+ 33. Qxf1 Rf8
34. Qh3 Rf7 35. Nd6 Bxd6 36. cxd6 1-0

[Event "PNWCC Masters 2020"]
[Site "chess.com INT"]
[Date "2020.05.25"]
[Round "7.39"]
[White "Modi, Ethan"]
[Black "Liu, Erik"]
[Result "1-0"]
[WhiteElo "1786"]
[BlackElo "1615"]
[WhiteFideId "30960592"]
[BlackFideId "30960940"]
[EventDate "2020.05.23"]

1. d4 Nf6 2. c4 g6 3. Nc3 Bg7 4. e4 d6 5. Bg5 O-O 6. Qd2 c5 7. d5 e6 8. Bd3 Qc7
9. Nge2 exd5 10. cxd5 a6 11. a4 Nbd7 12. O-O Rb8 13. Rac1 c4 14. Bb1 b5 15. axb5
axb5 16. Nd4 b4 17. Ncb5 Qc5 18. Nxd6 Qxd6 19. Bf4 Ne5 20. Bxe5 Qxe5 21. Nc6 Qc7
22. Nxb8 Qxb8 23. Rxc4 Ba6 24. Rxb4 Qe5 25. Re1 Ng4 26. f4 Bh6 27. g3 Qh5 28.
Rb6 Bc4 29. b3 Ne5 30. Re3 Qg4 31. Qf2 Qd1+ 32. Kg2 Ng4 33. Re1 Qxb1 34. Rxb1
Nxf2 35. Kxf2 Bd3 36. Re1 Bg7 37. e5 Rd8 38. d6 Bf5 39. Rc1 Kf8 40. b4 f6 41.
Re1 fxe5 42. fxe5 Be6 43. Rb7 h5 44. Re7 Re8 45. Rxe8+ Kxe8 46. Kf3 Bh6 47. Ra1
Bd5+ 48. Kf2 Kd7 49. Ra7+ Kd8 50. b5 Bd2 51. h4 Bc3 52. Re7 Bd4+ 53. Ke1 Bc3+
54. Kf2 Bd4+ 55. Ke2 Bc4+ 56. Kf3 Bc3 57. b6 Bd5+ 58. Ke3 Kc8 59. e6 Bb2 1-0

[Event "PNWCC Masters 2020"]
[Site "chess.com INT"]
[Date "2020.05.25"]
[Round "7.40"]
[White "Tu, Lawrence"]
[Black "Tay, Brian"]
[Result "1/2-1/2"]
[WhiteElo "1554"]
[BlackElo "1898"]
[WhiteFideId "30935407"]
[BlackFideId "30941083"]
[EventDate "2020.05.23"]

1. c4 Nf6 2. Nc3 g6 3. d4 Bg7 4. e4 d6 5. Nf3 O-O 6. Be2 e5 7. d5 a5 8. Be3 Na6
9. h3 Nc5 10. Qc2 Bd7 11. Bxc5 dxc5 12. Nxe5 Re8 13. Nxd7 Nxd7 14. O-O Qh4 15.
f4 Bxc3 16. bxc3 Re7 17. e5 f5 18. Rab1 b6 19. Qa4 Rae8 20. Bd3 Kg7 21. d6 cxd6
22. exd6 Rf7 23. Rxb6 Re3 24. Rb7 Rxh3 1/2-1/2

[Event "PNWCC Masters 2020"]
[Site "chess.com INT"]
[Date "2020.05.25"]
[Round "7.41"]
[White "Jiang, Leo"]
[Black "Ho, Cooper"]
[Result "1/2-1/2"]
[WhiteElo "1592"]
[BlackElo "1663"]
[WhiteFideId "30952140"]
[BlackFideId "30964610"]
[EventDate "2020.05.23"]

1. d4 d5 2. c4 c6 3. Nf3 Nf6 4. e3 g6 5. Bd3 Bg7 6. Nbd2 O-O 7. O-O Nbd7 8. b3
b6 9. Bb2 Bb7 10. Qe2 Rc8 11. e4 dxe4 12. Nxe4 Nxe4 13. Bxe4 Nf6 14. Bc2 e6 15.
Rad1 Qc7 16. Qe5 Rfd8 17. Qxc7 Rxc7 18. Bc1 Rcd7 19. Be3 Ng4 20. Bg5 f6 21. Bc1
Nh6 22. Be3 Nf7 23. Rfe1 g5 24. h3 h6 25. c5 f5 26. g3 Ba6 27. Kg2 Rd5 28. b4
Bc4 29. a3 R5d7 30. Nd2 Bd5+ 31. Kg1 b5 32. f4 gxf4 33. gxf4 Kh8 34. Kf2 Bc4 35.
Nf3 Bd5 36. Nd2 Bf6 37. Rg1 Bh4+ 38. Ke2 Kh7 39. Bb3 Bf6 40. Bxd5 1/2-1/2

[Event "PNWCC Masters 2020"]
[Site "chess.com INT"]
[Date "2020.05.25"]
[Round "7.43"]
[White "Rao, Anjaneya"]
[Black "Levine, Owen"]
[Result "1-0"]
[WhiteElo "1814"]
[BlackElo "1574"]
[WhiteFideId "30954770"]
[BlackFideId "30970423"]
[EventDate "2020.05.23"]

1. e4 c5 2. Nf3 d6 3. d4 cxd4 4. Nxd4 Nf6 5. Nc3 a6 6. f3 e5 7. Nb3 Be6 8. Be3
Be7 9. Qd2 O-O 10. O-O-O Nbd7 11. g4 b5 12. Kb1 Nb6 13. Na5 Rc8 14. Nb7 Qc7 15.
Nxd6 Rfd8 16. Bxb6 Qxb6 17. Nxc8 Bxc8 18. Bd3 b4 19. Nd5 Nxd5 20. exd5 Kh8 21.
Be4 Bb7 22. Qe2 a5 23. d6 Bxd6 24. Bxb7 Qxb7 25. Qxe5 Qxf3 26. Qd5 Qxd5 27. Rxd5
Bc7 28. Rxd8+ Bxd8 29. Re1 g6 30. Re8+ Kg7 31. Rxd8 f5 32. gxf5 gxf5 33. Rd5 Kf6
34. Rxa5 f4 35. Kc1 f3 36. Kd1 f2 37. Ke2 f1=Q+ 38. Kxf1 Kg6 39. c4 bxc3 40.
bxc3 h5 41. Rd5 h4 42. c4 Kf6 43. c5 Ke6 44. Rd1 Ke5 45. c6 Ke4 46. c7 h3 47.
c8=Q Ke3 48. Qe6+ Kf4 49. Rd4+ Kg5 50. Rg4+ Kh5 51. Qg6# 1-0

[Event "PNWCC Masters 2020"]
[Site "chess.com INT"]
[Date "2020.05.25"]
[Round "7.47"]
[White "Jones, Davey"]
[Black "Xu, Jayden"]
[Result "1-0"]
[WhiteElo "1593"]
[BlackElo "1683"]
[WhiteFideId "2088053"]
[BlackFideId "30941423"]
[EventDate "2020.05.23"]

1. e4 e6 2. d4 d5 3. Nd2 Nf6 4. e5 Nfd7 5. Bd3 c5 6. c3 Nc6 7. Ne2 cxd4 8. cxd4
f6 9. exf6 Nxf6 10. O-O Bd6 11. Nf3 Qc7 12. Bd2 O-O 13. Rc1 a6 14. Ng3 Bd7 15.
Re1 Rae8 16. Ne5 Qb6 17. Bc3 Bxe5 18. dxe5 Ne4 19. Bxe4 Qxf2+ 20. Kh1 d4 21. Rf1
Qe3 22. Re1 Qf2 23. Bd2 Nxe5 24. Rf1 Ng4 25. Qxg4 Qxd2 26. Rcd1 Qxb2 27. Nh5 Re7
28. Rxf8+ Kxf8 29. Rf1+ Kg8 30. Nf6+ Kh8 31. Nxd7 Re8 32. Qxe6 Rd8 33. Qe7 Rg8
34. Qf7 g6 35. Nf6 1-0

[Event "PNWCC Masters 2020"]
[Site "chess.com INT"]
[Date "2020.05.25"]
[Round "8.2"]
[White "Fedoseev, Vladimir3"]
[Black "Bosiocic, Marin"]
[Result "1-0"]
[WhiteTitle "GM"]
[BlackTitle "GM"]
[WhiteElo "2678"]
[BlackElo "2625"]
[WhiteFideId "24130737"]
[BlackFideId "14507927"]
[EventDate "2020.05.23"]

1. d4 d6 2. e4 Nf6 3. Nc3 e5 4. Nf3 Nbd7 5. Rg1 g6 6. Be3 c6 7. g4 Qa5 8. Bd3
exd4 9. Nxd4 Ne5 10. Nb3 Qc7 11. Be2 d5 12. f4 Nc4 13. Bd4 Qxf4 14. exd5 Ne3 15.
Qd3 Bh6 16. g5 Qh4+ 17. Kd2 Nexd5 18. Nxd5 Bxg5+ 19. Rxg5 Qxg5+ 20. Qe3+ Qxe3+
21. Nxe3 Ne4+ 22. Ke1 O-O 23. a4 Re8 24. a5 f5 25. Kf1 h5 26. Ng2 Kh7 27. Nc5 f4
28. Nxe4 Rxe4 29. Bc3 Bh3 30. Bd3 Re6 31. Kf2 Rf8 32. Ra4 Bxg2 33. Kxg2 Kh6 34.
Rd4 Kg5 35. Rd7 Kh4 36. Rxb7 g5 37. Rxa7 Re3 38. Bd4 f3+ 39. Kf1 Re6 40. Bf2+
Kg4 41. a6 Re5 42. b4 h4 43. Rd7 Kh3 44. Kg1 Ree8 45. Rd4 Rf4 46. Rxf4 gxf4 47.
Bf5# 1-0

[Event "PNWCC Masters 2020"]
[Site "chess.com INT"]
[Date "2020.05.25"]
[Round "8.3"]
[White "Xiong, Jeffery"]
[Black "Aditya, Mittal"]
[Result "1-0"]
[WhiteTitle "GM"]
[BlackTitle "IM"]
[WhiteElo "2709"]
[BlackElo "2438"]
[WhiteFideId "2047640"]
[BlackFideId "35042025"]
[EventDate "2020.05.23"]

1. e4 c5 2. Nf3 d6 3. Bb5+ Nd7 4. d4 cxd4 5. Qxd4 a6 6. Bxd7+ Bxd7 7. Nc3 e5 8.
Qd3 h6 9. Nd2 Nf6 10. Nc4 Be6 11. Ne3 Rc8 12. O-O Qc7 13. a4 Be7 14. Rd1 O-O 15.
a5 Rfd8 16. Bd2 Bc4 17. Nxc4 Qxc4 18. Be3 Qxd3 19. Rxd3 Rc4 20. f3 Rdc8 21. Kf1
Kf8 22. Ke2 Ke8 23. Kd1 Kd7 24. Ra3 Bd8 25. Rb3 Bxa5 26. Rxb7+ R8c7 27. Rxc7+
Kxc7 28. Nd5+ Nxd5 29. Rxd5 Bb4 30. g4 Bc5 31. Bd2 Ra4 32. Bc3 Ra1+ 33. Ke2 Rc1
34. Bxe5 dxe5 35. Rxc5+ Kb6 36. Kd2 Rh1 37. Rxe5 Rxh2+ 38. Kd3 Rf2 39. Rf5 f6
40. b4 Kb7 41. c3 Kb6 42. Ke3 Rc2 43. Kd4 Rd2+ 44. Kc4 Kc6 45. Rc5+ Kb6 46. Rd5
Rf2 47. Rd7 Rxf3 48. Rxg7 Kc6 49. Rg6 Rf4 50. Kd4 Kb5 51. Rxh6 Rf1 52. Rh5+ Kb6
53. Rf5 Rd1+ 54. Ke3 Rd6 55. e5 fxe5 56. g5 Rd1 57. Rxe5 Rc1 58. Kd4 Rg1 59. Kd5
Rg3 60. c4 Rg4 61. Re6+ Kc7 62. g6 Kb7 63. Kc5 Rg5+ 64. Kd6 Rg4 65. Ke7 Rxc4 66.
g7 Rg4 67. Kf7 1-0

[Event "PNWCC Masters 2020"]
[Site "chess.com INT"]
[Date "2020.05.25"]
[Round "8.4"]
[White "Chigaev, Maksim"]
[Black "Oparin, Grigoriy"]
[Result "1/2-1/2"]
[WhiteTitle "GM"]
[BlackTitle "GM"]
[WhiteElo "2588"]
[BlackElo "2652"]
[WhiteFideId "4108116"]
[BlackFideId "24125890"]
[EventDate "2020.05.23"]

1. e4 e5 2. Nf3 Nc6 3. Bb5 a6 4. Ba4 Nf6 5. O-O Nxe4 6. d4 b5 7. Bb3 d5 8. dxe5
Be6 9. Nbd2 Be7 10. c3 O-O 11. Bc2 f5 12. exf6 Nxf6 13. Re1 Bg4 14. Nf1 1/2-1/2

[Event "PNWCC Masters 2020"]
[Site "chess.com INT"]
[Date "2020.05.25"]
[Round "8.5"]
[White "Bernadskiy, Vitaliy"]
[Black "Kuzubov, Yuriy"]
[Result "1/2-1/2"]
[WhiteTitle "GM"]
[BlackTitle "GM"]
[WhiteElo "2629"]
[BlackElo "2643"]
[WhiteFideId "14100371"]
[BlackFideId "14112906"]
[EventDate "2020.05.23"]

1. e4 c5 2. Nf3 Nc6 3. Bb5 d6 4. O-O Bd7 5. c3 a6 6. Ba4 Nf6 7. Bc2 Bg4 8. h3
Bh5 9. d4 cxd4 10. cxd4 Bxf3 11. gxf3 e5 12. dxe5 dxe5 13. Be3 Nd4 14. Bxd4 Qxd4
15. Qxd4 exd4 16. Nd2 Nh5 17. Nc4 Nf4 18. Nb6 Rd8 19. Ba4+ Ke7 20. Rfd1 Kf6 21.
Kf1 d3 22. Bb3 Bd6 23. Nd5+ Kg5 24. Bc4 b5 25. Nxf4 Bxf4 1/2-1/2

[Event "PNWCC Masters 2020"]
[Site "chess.com INT"]
[Date "2020.05.25"]
[Round "8.5"]
[White "Bosiocic, Marin"]
[Black "Oparin, Grigoriy"]
[Result "0-1"]
[WhiteTitle "GM"]
[BlackTitle "GM"]
[WhiteElo "2625"]
[BlackElo "2652"]
[WhiteFideId "14507927"]
[BlackFideId "24125890"]
[EventDate "2020.05.23"]

1. d4 Nf6 2. Bg5 d5 3. e3 e6 4. c3 Be7 5. Bxf6 Bxf6 6. f4 g6 7. Nf3 Bg7 8. Nbd2
Nd7 9. Bd3 Qe7 10. h4 Nf6 11. Ne5 Bd7 12. g4 O-O-O 13. Qe2 Ba4 14. b3 Be8 15. a4
Nd7 16. g5 h6 17. Rg1 hxg5 18. hxg5 Nxe5 19. fxe5 c5 20. Nf3 Bf8 21. Kf2 Kb8 22.
Qb2 Rc8 23. Rh1 Rxh1 24. Rxh1 Qc7 25. Rh7 Be7 26. Kg3 cxd4 27. cxd4 Qd8 28. Kg4
Bb4 29. Bb5 a6 30. Bxe8 Qxe8 31. Qh2 Ka7 32. Qf4 Rc7 33. Qf6 Kb6 34. Nh4 Bd2 35.
Ng2 Ka5 36. Qf2 Bb4 37. Kg3 Qg8 38. Rh1 Qe8 39. Rh7 Qg8 40. Rh1 Qe8 41. Kg4 Qc6
42. Qb2 Bc3 43. Qe2 Bb4 44. Qb2 Bc3 45. Qb1 Bb4 46. Kf3 Qc3 47. Nf4 Qd2 48. Rd1
Qh2 49. Rc1 Rc3 50. Rxc3 Bxc3 51. Qc1 Kb4 52. Nd3+ Kxb3 53. Nc5+ Kb4 54. Qb1+
Bb2 55. Nd3+ Kc3 56. Nf2 Qh5+ 57. Kg2 Qe2 58. a5 Qc2 59. Qh1 Bc1 60. Kf3 Qf5+
61. Ke2 Qc2+ 62. Kf3 Qd2 63. Ng4 Kc2 64. Kg3 Qe2 65. Qg1 Bd2 66. Qa1 Be1+ 67.
Kf4 Qf1+ 0-1

[Event "PNWCC Masters 2020"]
[Site "chess.com INT"]
[Date "2020.05.25"]
[Round "8.6"]
[White "Predojevic, Borki"]
[Black "Melkumyan, Hrant"]
[Result "0-1"]
[WhiteTitle "GM"]
[BlackTitle "GM"]
[WhiteElo "2601"]
[BlackElo "2663"]
[WhiteFideId "930849"]
[BlackFideId "13302485"]
[EventDate "2020.05.23"]

1. e4 c6 2. Nc3 d5 3. Nf3 Bg4 4. h3 Bxf3 5. Qxf3 e6 6. Be2 Nf6 7. O-O Nbd7 8. d4
dxe4 9. Nxe4 Nxe4 10. Qxe4 Nf6 11. Qd3 Bd6 12. Rd1 O-O 13. c3 Qc7 14. Qf3 Rad8
15. Bg5 Be7 16. a4 Nd5 17. Bd2 Rd7 18. a5 a6 19. b4 Qd8 20. g3 Bg5 21. Be1 Qf6
22. h4 Qxf3 23. Bxf3 Bf6 24. Rd3 Rfd8 25. Rad1 g6 26. Kf1 h5 27. Ke2 Nc7 28. Be4
Nb5 29. Rf3 Bg7 30. Bc2 Bh6 31. Bb3 Nd6 32. Rfd3 Nf5 33. Bc2 Ne7 34. Bb3 Nd5 35.
Ba2 Bg7 36. Bd2 Bf6 37. Bb3 Kg7 38. Rf3 Ne7 39. Bf4 Nf5 40. Rfd3 Kg8 41. Bc2 Bg7
42. Rf3 Re8 43. Kf1 Ne7 44. Bb3 Nd5 45. Bd2 Nc7 46. Be1 Red8 47. Rfd3 e5 48. Bd2
exd4 49. Bg5 Re8 50. cxd4 Nd5 51. Rb1 Bf8 52. Bd2 Bg7 53. Re1 Rxe1+ 54. Kxe1 Bf8
55. Bxd5 Rxd5 56. Kd1 Rb5 57. Rb3 Bd6 58. Kc2 Rf5 59. Be1 Kf8 60. Re3 Rd5 61.
Kc3 f6 62. Kc4 Kf7 63. f3 g5 64. g4 gxh4 65. Bxh4 Rb5 66. Be1 h4 67. Bxh4 Rxb4+
68. Kd3 Rb5 69. Be1 Bc7 70. Re2 Bxa5 71. Bxa5 Rxa5 72. Rh2 Rb5 73. Rh7+ Kg6 74.
Rd7 f5 75. gxf5+ Kxf5 76. Kc4 Rb1 77. d5 cxd5+ 78. Rxd5+ Kf4 79. Rd3 a5 80. Ra3
b6 81. Rd3 a4 82. Rd8 Kxf3 83. Ra8 b5+ 84. Kc3 Ke4 85. Kc2 Rb4 86. Rd8 Ke5 87.
Rd7 Rd4 88. Rb7 Rb4 89. Rd7 a3 90. Ra7 Rb2+ 91. Kc3 b4+ 92. Kc4 a2 0-1

[Event "PNWCC Masters 2020"]
[Site "chess.com INT"]
[Date "2020.05.25"]
[Round "8.7"]
[White "Polivanov, Anatoliy"]
[Black "Sevian, Samuel"]
[Result "0-1"]
[WhiteTitle "IM"]
[BlackTitle "GM"]
[WhiteElo "2452"]
[BlackElo "2660"]
[WhiteFideId "14109468"]
[BlackFideId "2040506"]
[EventDate "2020.05.23"]

1. e4 c5 2. Nf3 d6 3. d4 cxd4 4. Nxd4 Nf6 5. Nc3 Nc6 6. g3 g6 7. Bg2 Nxd4 8.
Qxd4 Bg7 9. Bg5 O-O 10. Qd2 Qb6 11. Rb1 Be6 12. O-O Rfc8 13. h3 Rab8 14. Rfe1
Qa5 15. Bh6 Bxh6 16. Qxh6 b5 17. a3 b4 18. axb4 Rxb4 19. Qe3 Qc5 20. Qxc5 Rxc5
21. Nd5 Bxd5 22. exd5 Kf8 23. c3 Rb3 24. Red1 Rcb5 25. Bf1 Rb7 26. Ba6 R7b6 27.
Ra1 Rxb2 28. c4 Ne4 29. Rf1 Nc5 30. Bb5 a6 31. Bc6 Rc2 32. Rfc1 Rbb2 33. Rxc2
Rxc2 34. Rb1 Rxc4 35. Rb8+ Kg7 36. Re8 Re4 37. Kg2 h5 38. Kf3 Re5 39. h4 Nd3 40.
Ra8 Rf5+ 41. Ke2 Nxf2 42. Rxa6 Ng4 43. Ra7 Kf6 44. Ra3 Rf2+ 45. Ke1 Rb2 46. Rf3+
Kg7 47. Rf4 Rb3 48. Be8 Nf6 0-1

[Event "PNWCC Masters 2020"]
[Site "chess.com INT"]
[Date "2020.05.25"]
[Round "8.8"]
[White "Tang, Andrew"]
[Black "Chasin, Nico"]
[Result "0-1"]
[WhiteTitle "GM"]
[BlackTitle "FM"]
[WhiteElo "2538"]
[BlackElo "2303"]
[WhiteFideId "2059630"]
[BlackFideId "30908477"]
[EventDate "2020.05.23"]

1. d4 Nf6 2. c4 e6 3. Nc3 Bb4 4. Qc2 O-O 5. Nf3 d5 6. Bg5 h6 7. Bxf6 Qxf6 8. a3
Bxc3+ 9. Qxc3 Nc6 10. e3 Re8 11. cxd5 exd5 12. Bb5 Bd7 13. O-O a6 14. Bxc6 Qxc6
15. Qxc6 Bxc6 16. Rfc1 f6 17. Rc3 Kf7 18. Rac1 a5 19. Ne1 Ke6 20. Nd3 Kd6 21. b4
Re7 22. Nc5 axb4 23. axb4 Ra7 24. Nb3 Bb5 25. Rc5 c6 26. Rb1 b6 27. Rcc1 Ra4 28.
Nd2 Rea7 29. h3 Ra2 30. Nf3 R7a3 31. Ne1 Rd2 32. Rc2 Rxc2 33. Nxc2 Ra2 34. Ne1
Kc7 35. g4 Kb7 36. Kg2 Ka6 37. Kg3 Bc4 38. Ng2 g5 39. h4 Kb5 40. hxg5 hxg5 41.
Rh1 Kxb4 42. Rh6 Kc3 43. Rxf6 b5 44. f4 gxf4+ 45. Nxf4 b4 46. Rxc6 Kd2 47. Rb6
b3 48. g5 Kxe3 49. g6 Kxd4 50. g7 Ra8 51. Ne6+ Ke5 52. Nf8 d4 53. Kf3 Bd5+ 54.
Ke2 Ke4 55. Ne6 Ra2+ 56. Kf1 Ke3 57. Rxb3+ Bxb3 58. g8=Q Ra1+ 59. Kg2 Bd5+ 0-1